000 00906nam a2200265Ia 4500
003 OSt
005 20221005111312.0
006 a|||||r|||| 00| 0
007 ta
008 221004b |||||||| |||| 00| 0 hin d
020 _a9789350009574 (hbk)
_c395
024 _a11222
037 _b329, 20/03/2014, Vani Prakashan
_cTextual
040 _aCRL
_cCRL
_bhin
041 _2hin
_ahin
082 _aO152,3N33,BU, M8.3
100 _aजोशी, मनोहर श्याम
245 0 _aबुनियाद
246 _aBuniyāda
260 _aनई दिल्ली
_bवाणी प्रकाशन भारत
_c1988
300 _a273पृ0
_ccm.
650 _aहिन्दी साहित्य
942 _hO152,3N33,BU, M8.3
_cTEXL
_2cc
999 _c1021436
_d1021436